000 00946nam a2200277 a 4500
001 47743
003 BD-RjUL
005 20211209054402.0
008 160810s1980 moua b 001 0 eng
020 _a080161760X
035 _a(BD-RjUL)47862
040 _aDLC
_cDLC
_dDLC
_dBD-RjUL
_beng
041 _aeng
082 0 0 _219
_a371.9046
_bGEH 1980
100 1 _aGearheart, Bill R.
_q(Bill Ray),
_d1928-
_9145008
245 1 4 _aThe handicapped student in the regular classroom /
_cBill R. Gearheart, Mel W. Weishahn.
250 _a2nd ed.
260 _aSt. Louis :
_bMosby,
_c1980.
300 _axv, 303 p. :
_bill. ;
_c25 cm.
504 _aIncludes bibliographical references and index.
650 0 _aChildren with disabilities
_xEducation
_zUnited States.
_9145009
650 0 _aMainstreaming in education
_zUnited States.
_9145010
700 1 _aWeishahn, Mel W.,
_d1940-
_ejoint author.
_9145011
942 _2ddc
_cBK
999 _c47743
_d47743